| 000 | 00931nac a22002777a 4500 | ||
|---|---|---|---|
| 001 | BR0202894 | ||
| 003 | BR-BrBNA | ||
| 005 | 20240105122656.0 | ||
| 008 | 230509b bl.|||m| |||| 00| 0 por d | ||
| 040 |
_aBR-BrBNA _bpor _cBiblioteca Nacional de Agricultura |
||
| 072 | _aF01 | ||
| 090 | _a0230 BR0202894 | ||
| 100 | 1 | _aBerto, P.N.A. | |
| 100 | 1 | _aThurler, A. de M. | |
| 110 | 1 |
_aUniversidade Federal Rural do Rio de Janeiro, Campos dos Goitacazes (Brasil). Campus "Dr. Leonel Miranda" _911224 |
|
| 245 | 1 | _aCultivo mínimo na cultura de cana-de-açúcar | |
| 260 | 3 |
_aCampos dos Goitacazes, RJ (Brasil): _c1997. |
|
| 300 | _a11 p. | ||
| 490 |
_aBoletim Técnico - Universidade Federal Rural do Rio de Janeiro (Brazil) _vno. 2 _x |
||
| 500 | _a17 ref. | ||
| 650 | _aCANA DE AÇÚCAR | ||
| 650 | _aCULTIVO MÍNIMO | ||
| 650 | _aRENDIMENTO | ||
| 909 |
_a202312 _bLúcia Elande _c55 _dLúcia Elande |
||
| 942 |
_2AGRIS _n0 _cMS |
||
| 999 |
_c292263 _d292263 |
||